| Поле | Название | Значение |
| |
Тип записи |
a |
| |
Библиографический уровень |
m |
| 001 |
Контрольный номер |
RU/URAIT/584240 |
| 005 |
Дата корректировки |
20260429163641.6 |
| 008 |
Кодируемые данные |
260429s2026 RU y f j 000 0 rus u |
| 020 |
Индекс ISBN |
__ |
| a |
ISBN |
978-5-534-17452-6 |
| c |
Цена, тираж |
1589.00 |
| 040 |
Источник каталогиз. |
__ |
| a |
Служба первич. каталог. |
ИКО Юрайт |
| c |
Служба, преобразующая запись |
ИКО Юрайт |
| e |
Правила каталог. |
RCR |
| 041 |
Код языка издания |
__ |
| a |
Код языка текста |
rus |
| 044 |
Код страны публикации |
__ |
| a |
Код страны публикации |
RU |
| 080 |
Индекс УДК |
__ |
| a |
Индекс УДК |
338.24(075.8) |
| 084 |
Индекс другой классификации/Индекс ББК |
__ |
| 2 |
Источник индекса |
rubbk |
| a |
Индекс другой классификации/Индекс ББК |
65.050я73 |
| 100 |
Автор |
__ |
| a |
Автор |
Попова Н. Ф. |
| q |
Полное имя |
Попова Наталия Федоровна |
| 245 |
Заглавие |
__ |
| a |
Заглавие |
Правовое регулирование экономической деятельности |
| b |
Продолж. заглавия |
учебник для вузов |
| c |
Ответственность |
Н. Ф. Попова ; под редакцией М. А. Лапиной. |
| 250 |
Сведения об издании |
__ |
| g |
|
пер. и доп |
| a |
Основные сведения об издании |
4-е изд. |
| 256 |
Характеристики компьютерного файла |
__ |
| a |
Характеристики компьютерного файла |
Электрон. дан. |
| 260 |
Выходные данные |
__ |
| a |
Место издания |
Москва |
| b |
Издательство |
Юрайт |
| c |
Дата издания |
2026 |
| 300 |
Физическое описание |
__ |
| a |
Объем |
292 с |
| 440 |
Серия |
__ |
| a |
Серия |
Высшее образование |
| 500 |
Примечания |
__ |
| a |
Примечание |
URL: https://urait.ru/bcode/584240 (дата обращения: 29.04.2026). |
| 520 |
Аннотация |
__ |
| a |
Аннотация |
В курсе раскрываются понятие и содержание экономических отношений; понятие правового регулирования экономической деятельности и его основные направления; правовые основы экономической, финансовой, налоговой, бюджетной, банковской и валютной систем российского государства; субъекты экономической деятельности (физические лица, юридические лица, публично-правовые образования, иностранные субъекты); государственное регулирование инвестиционной, антимонопольной деятельности субъектов экономической деятельности, природопользования и охраны окружающей среды, осуществление государственного контроля и надзора в сфере экономической деятельности. Для студентов высших учебных заведений, обучающихся по экономическим направлениям и специальностям. |
| 538 |
Прим. о системных особенностях |
__ |
| a |
Прим. о системных особенностях |
Режим доступа: Электронно-библиотечная система Юрайт, для авториз. пользователей |
| 653 |
Ключевые слова |
__ |
| a |
Ключевые слова |
Предпринимательское и коммерческое право |
| 653 |
Ключевые слова |
__ |
| a |
Ключевые слова |
Юридические науки |
| 653 |
Ключевые слова |
__ |
| a |
Ключевые слова |
Правовое регулирование экономической деятельности |
| 653 |
Ключевые слова |
__ |
| a |
Ключевые слова |
Правовое обеспечение экономической деятельности |
| 653 |
Ключевые слова |
__ |
| a |
Ключевые слова |
Правовая среда экономической деятельности |
| 653 |
Ключевые слова |
__ |
| a |
Ключевые слова |
Административно-правовое регулирование в сфере экономики |
| 653 |
Ключевые слова |
__ |
| a |
Ключевые слова |
Правовые основы экономической деятельности |
| 653 |
Ключевые слова |
__ |
| a |
Ключевые слова |
Правовые аспекты экономической деятельности |
| 653 |
Ключевые слова |
__ |
| a |
Ключевые слова |
Нормативно правовые основы экономической деятельности |
| 700 |
Другие авторы |
__ |
| a |
Другие авторы |
Лапина М. А. |
| q |
Полное имя |
Лапина Марина Афанасьевна |
| 4 |
Код отношения |
340 |
| 856 |
Электронный адрес документа |
40 |
| n |
Местонахождение сервера |
Юрайт |
| g |
|
Электронная книга |
| q |
Тип электронного формата |
html |
| h |
Имя пользователя |
ЮРАЙТ |
| v |
Часы доступа к ресурсу |
20271231 |
| 2 |
Способ доступа |
Показать документ |
| x |
Служебное примечание |
https://urait.ru/book/cover/7EDFA05F-92E8-4FFA-9966-AEA4510789B6 |
| u |
URL |
https://urait.ru/bcode/584240 |
| 856 |
Электронный адрес документа |
48 |
| q |
Тип электронного формата |
cover |
| u |
URL |
https://urait.ru/book/cover/7EDFA05F-92E8-4FFA-9966-AEA4510789B6 |
| 911 |
|
__ |
| u |
|
0030=https://urait.ru/bcode/584240 |
| 911 |
|
__ |
| u |
|
073a=9785534174526 |
| u |
|
073d=1589.00 |
| 911 |
|
__ |
| u |
|
106a=s |
| 911 |
|
__ |
| u |
|
900l= |
| 952 |
Тип литературы |
__ |
| i |
Дисциплина |
Правовое регулирование экономической деятельности |
| 952 |
Тип литературы |
__ |
| i |
Дисциплина |
Правовое обеспечение экономической деятельности |
| 952 |
Тип литературы |
__ |
| i |
Дисциплина |
Правовая среда экономической деятельности |
| 952 |
Тип литературы |
__ |
| i |
Дисциплина |
Административно-правовое регулирование в сфере экономики |
| 952 |
Тип литературы |
__ |
| i |
Дисциплина |
Правовые основы экономической деятельности |
| 952 |
Тип литературы |
__ |
| i |
Дисциплина |
Правовые аспекты экономической деятельности |
| 952 |
Тип литературы |
__ |
| i |
Дисциплина |
Нормативно правовые основы экономической деятельности |